Map of the World Text Quiz - Global Conflicts B - Statistics

General Stats
  • This quiz has been taken 21 times
  • The average score is 44 of 55
Answers on the Map
Answers color-coded by a green-red scale on the quiz's map according to % correct below.
 
Answer Stats
Answer % Correct
India
100%
Israel
100%
Russia
100%
United States
100%
Atlantic Ocean
95%
China
95%
Iran
95%
Iraq
95%
Lebanon
95%
Mediterranean Sea
95%
Pakistan
95%
South China Sea
95%
Sudan
95%
Syria
95%
Yemen
95%
Democratic Republic of the Congo
89%
Egypt
89%
Jerusalem
89%
Jordan
89%
Mexico
89%
Myanmar
89%
Nigeria
89%
Persian Gulf
89%
Ukraine
89%
United Kingdom
89%
West Bank
89%
Afghanistan
84%
France
84%
Gaza Strip
84%
North Korea
84%
Saudi Arabia
84%
South Korea
84%
South Sudan
84%
Tel Aviv
84%
Turkey
84%
Armenia
79%
Libya
79%
Somalia
79%
Venezuela
79%
Colombia
74%
Germany
74%
Japan
74%
Brazil
68%
Golan Heights
68%
Kashmir
63%
Vietnam
63%
Ireland
58%
Nepal
58%
Taiwan
58%
Haiti
53%
Rwanda
47%
Greenland
42%
Suez Canal
32%
Bosnia
26%
Chile
26%
No matching quizzes found
Score Distribution
Percent of People with Each Score
Percentile by Number Answered
Your Score History
You have not taken this quiz